000 00966nam a2200301Ia 4500
003 OSt
005 20221007125523.0
006 a|||||r|||| 00| 0
007 ta
008 221006b |||||||| |||| 00| 0 eng d
020 _a0123567718 (pbk)
_c2152.19
024 _a13603
037 _b854/2004-05, 31/05/2004, Educational Book Agency (India)
_cTextual
040 _aCDL
_cCDL
_beng
041 _2eng
_aeng
082 _aE:219, P4 Carc
100 _aHouse James E
_9717957
245 0 _aFundamentals of quantum chemistry
250 _a2
260 _aAmsterdam
_bElsevier
_c2004
300 _axv, 291p.
_ccm.
490 _aComplimentary science series
500 _aIncludes bibliographical references; Index 287-291p.
650 _a Quantum chemistry
650 _aChemistry
942 _hE:219, P4 Carc
_cTEXL
_2CC
999 _c1215426
_d1215426